000 00245nam a2200097Ia 4500
001 1300146
005 20260420095858.0
008 260420s9999 xx 000 0 und d
245 0 _aSİYAH İNCİ
_cANNA SEWELL
260 _bTİMAŞ ÇOCUK YAYINLARI
999 _c1300146
_d1300146